00254nam a2200109Ia 4500008004100000100001600041245003000057260002100087650001400108942000700122999001500129190216s9999||||xx |||||||||||||| ||und|| aJayadevadas 0aRashtrathanthra Pravesham bVidyarthimithram aEconomics cBK c9756d9756